Zgadnij klub piłkarski po przydomku - Statystyki

Ogólne statystyki
  • Ten quiz został rozwiązany 140 razy
  • Średni wynik to 10 z 16
Statystyki odpowiedzi
Przydomek Klub % Poprawnych
Barça/Blaugrana FC Barcelona
96%
Kolejorz Lech Poznań
93%
Stara Dama Juventus
91%
Królewscy Real Madryt
88%
Biała Gwiazda Wisła Kraków
87%
Rossoneri AC Milan
79%
Lisy Leicester City
70%
Portowcy Pogoń Szczecin
69%
Aptekarze Bayer 04 Leverkusen
65%
Miedziowi KGHM Zagłebie Lubin
59%
Rojiblancos/Los Colchoneros Atletico Madryt
49%
Die Roten Bayern Monachium
49%
Giallorossi AS Roma
31%
Zieloni Warta Poznań
30%
Źrebaki Borussia Monchengladbach
16%
Neroverdi Sassuolo
12%
Nie znaleziono quizów pasujących do podanych kryteriów
Rozkład punktacji
Procent ludzi z każdym wynikiem
Percentyl według liczby udzielonych odpowiedzi
Twoja historia wyników
Nie rozwiązałeś tego quizu